Railtrack investment in property arm. (Record no. 61116)

MARC details
000 -LEADER
fixed length control field 00708cam a2200193 4500
001 - CONTROL NUMBER
control field WB3531-05
008 - FIXED-LENGTH DATA ELEMENTS--GENERAL INFORMATION
fixed length control field 000000n1999 000 0 eng u
035 ## - SYSTEM CONTROL NUMBER
System control number (Sirsi) u102024
245 ## - TITLE STATEMENT
Title Railtrack investment in property arm.
260 ## - PUBLICATION, DISTRIBUTION, ETC.
Date of publication, distribution, etc. 1999
490 ## - SERIES STATEMENT
Series statement Financial Times
Volume/sequential designation 9 August 1999, 17(1)
520 ## - SUMMARY, ETC.
Summary, etc. Railtrack will not float Spacia, its commercial property division, but has decided to invest more to develop its railway arch properties. Spacia will invest £5m on refurbishing arch properties in 1999.
650 ## - SUBJECT ADDED ENTRY--TOPICAL TERM
Topical term or geographic name entry element RAIL TRANSPORT
650 ## - SUBJECT ADDED ENTRY--TOPICAL TERM
Topical term or geographic name entry element RAILWAY ARCHES
650 ## - SUBJECT ADDED ENTRY--TOPICAL TERM
Topical term or geographic name entry element INVESTMENT
650 ## - SUBJECT ADDED ENTRY--TOPICAL TERM
Topical term or geographic name entry element TRANSPORT AND COMMUNICATIONS
690 ## - LOCAL SUBJECT ADDED ENTRY--TOPICAL TERM (OCLC, RLIN)
Topical term or geographic name as entry element PROPERTY-COMMERCIAL PROPERTY
942 ## - ADDED ENTRY ELEMENTS (KOHA)
Suppress in OPAC 0
Holdings
Withdrawn status Lost status Source of classification or shelving scheme Damaged status Not for loan Home library Current library Shelving location Date acquired Total Checkouts Full call number Barcode Date last seen Copy number Price effective from Koha item type
    Dewey Decimal Classification     London London News article 15/11/1999   WB3531-05 102024-1001 06/08/2019 1 06/08/2019 News article